01709cam a22002771 4500001001300000003000400013005001700017007001500034008004100049010001700090040001900107043001200126050003000138051001500168245003300183260005400216300008200270505070600352530007201058651006401130700004901194700003101243856007001274856007001344999001701414rc 01003364 DLC20260227111909.0cr |||||||||||810826m18891899mdubfi 000 0 eng  arc 01003364  aDLCcCarPdDLC an-us-md00aF176b.M37 No. 28, 34, 35 aF184b.C1604aThe Calvert papers.nno. 1-3 aBaltimoreb[J. Murphy & co.,bprinters]c1889-99. a3 v.bplates, 2 fold. maps, 2 col. coats of arms (incl front. : v. 2)c25 cm.0 ano. 1. The Calvert papers. With an account of their recovery, and presentation of the society, December 10th, 1888. Together with a calendar of the papers recovered, and selections from the papers. Address of A. Ritchie. Remarks of J.H.B. Latrobe. Report of M. Cohen. Remarks of W.H. Browne. Exemplification of the arms of Sir G. Calvert. The patent of nobility of George, lord Baltimore. The will of Sir G. Calvert, lord Baltimore. The inventory of the estate of the same. A calendar of the Calvert papers, by J.W.M. Lee. The Calvert papers First selection.--no. 2. Selections from correspondence, 1719-1765.--no. 3. "A briefe relation of the voyage unto Maryland" [by Andrew White] and other papers. aAlso available in digital form on the Library of Congress Web site. 0aMarylandxHistoryyColonial period, ca. 1600-1775vSources.1 aLee, John Wesley Murray,d1848-1896 or 1897.1 aWhite, Andrew,d1579-1656.413Volume 1dlhbcbf3364aqsuhttp://hdl.loc.gov/loc.gdc/lhbcb.3364a413Volume 3dlhbcbf3364bqsuhttp://hdl.loc.gov/loc.gdc/lhbcb.3364b c52555d52555